000 01498nam0a22003131 4500
001 rc\3182411
005 20120628145628.9
021 _aRU
_b[75-48623]
035 _a(NLR Aleph) 007347872
090 _a6177746
_c6177746
100 _a20120628d1975 |||y0rusy50 ca
101 0 _arus
102 _aRU
105 _aa z |||||
200 1 _aМетодические рекомендации по строительству асфальтобетонных покрытий с применением полимерно-битумного вяжущего
_e(На основе ДСТ)
_fМ-во трансп. стр-ва СССР. Гос. всесоюз. дор. науч.-исслед. ин-т "Союздорнии"
210 _aМосква
_cБ. и.
_d1975
215 _a40 с.
_cчерт.
_d20
300 _aНа 4-й с. сост.: А.С. Колбановская, Л.М. Гохман, Ц.Г. Ханина и др.
606 _aДорожные покрытия, асфальтобетонные
_xПостройка
_2psbo
606 _aВяжущие материалы полимерно-битумные
_2psbo
702 1 _aКолбановская
_bА. С.
_gАдель Соломоновна
_4220
702 1 _aХанина
_bЦ. Г.
_4220
702 1 _aГохман
_bЛ. М.
_4220
712 0 2 _aВсесоюзный дорожный НИИ
_3RU\NLR\AUTH\889937770
801 0 _aRU
_bNLR
_gpsbo
801 1 _aRU
_bELAR
_2rusmarc
852 _aNLR
_j75-4/10981
942 _cBOOK
980 _aNB